A Book of Scoundrels (Record no. 14987)
[ view plain ]
| 000 -LEADER | |
|---|---|
| fixed length control field | 00907cam a22002293a 4500 |
| 001 - CONTROL NUMBER | |
| control field | 1632 |
| 003 - CONTROL NUMBER IDENTIFIER | |
| control field | PGUSA |
| 005 - DATE AND TIME OF LATEST TRANSACTION | |
| control field | 20230525153739.0 |
| 008 - FIXED-LENGTH DATA ELEMENTS--GENERAL INFORMATION | |
| fixed length control field | 060222s2006||||xxu|||||s|||||000 | eng d |
| 040 ## - CATALOGING SOURCE | |
| Original cataloging agency | PGUSA |
| Language of cataloging | eng |
| 042 ## - AUTHENTICATION CODE | |
| Authentication code | dc |
| 050 #4 - LIBRARY OF CONGRESS CALL NUMBER | |
| Classification number | HV |
| 100 1# - MAIN ENTRY--PERSONAL NAME | |
| Personal name | Whibley, Charles, |
| Dates associated with a name | 1859-1930 |
| 245 12 - TITLE STATEMENT | |
| Title | A Book of Scoundrels |
| Medium | [electronic resource] / |
| Statement of responsibility, etc. | Charles Whibley |
| 260 ## - PUBLICATION, DISTRIBUTION, ETC. | |
| Name of publisher, distributor, etc. | Project Gutenberg, |
| Date of publication, distribution, etc. | 2006 |
| 505 0# - FORMATTED CONTENTS NOTE | |
| Formatted contents note | Captain Hind -- Moll Cutpurse and Jonathan Wild -- Ralph Briscoe -- Gilderoy and Sixteen-String Jack -- Thomas Pureney -- Sheppard and Cartouche -- Vaux -- George Barrington -- The Switcher and Gentleman Harry -- Deacon Brodie and Charles Peace -- The Man in the grey suit -- Monsieur l'abbé. |
| 506 ## - RESTRICTIONS ON ACCESS NOTE | |
| Terms governing access | Public domain in the USA. |
| 516 ## - TYPE OF COMPUTER FILE OR DATA NOTE | |
| Type of computer file or data note | Text |
| 653 ## - INDEX TERM--UNCONTROLLED | |
| Uncontrolled term | Criminals -- Biography |
| 830 #0 - SERIES ADDED ENTRY--UNIFORM TITLE | |
| Uniform title | Project Gutenberg |
| Volume/sequential designation | 1632 |
| 856 40 - ELECTRONIC LOCATION AND ACCESS | |
| Uniform Resource Identifier | <a href="http://www.gutenberg.org/ebooks/1632">http://www.gutenberg.org/ebooks/1632</a> |
| Withdrawn status | Lost status | Damaged status | Not for loan | Collection | Home library | Current library | Date acquired | Total Checkouts | Full call number | Date last seen | Uniform Resource Identifier | Price effective from | Koha item type |
|---|---|---|---|---|---|---|---|---|---|---|---|---|---|
| Project Gutenberg | Main Library | Main Library | 05/25/2023 | HV | 05/25/2023 | http://www.gutenberg.org/ebooks/1632 | 05/25/2023 | EBooks |